LEADER 01666cam a2200349 a 4500 001 000000133668 003 CaOOAMICUS 005 20130424104032.0 008 130424s2000 it a 000 u ita r 020 $z88-7257-045-X* 040 $aPUL$bita 041 0 $aita$ageo$hgeo 082 04$a270 111 2 $aConvegno Internazionale di Studi Georgiani$n(1 :$d1999 :$cRoma).$0(OLS)http://pul/name/86106 245 10$aSanta Nino e la Georgia :$bstoria e spiritualitą cristiana nel paese del vello d'oro: atti del 1. Convegno internazionale di studi georgiani, Roma, 30 gennaio 1999 /$ca cura di Gaga Shurgaia. 260 $aRoma :$bAntonianum,$c2000. 300 $a206 p. :$bill. ;$c24 cm. 490 1 $aMedioevo ;$v04 500 $aControfront. in georgiano. 504 $aBibliografia in nota. 546 $aTesti in italiano e georgiano. 651 4$aGeorgia (repubblica)$xStoria ecclesiastica.$0(OLS)http://pul/subject/39548 700 1 $aShurgaia, Gaga.$0(OLS)http://pul/name/86107 830 0$aMedioevo (Antonianum) ;$v04.$0(OLS)http://pul/title/142411 850 $aPUL 852 $aPUL$W1$xSL Religione 3$y85$m270 SHUGA 1$j153637$qDDC 21$B153201$CPULBib$Z2$F153201 $H122108 $82 941 1 $a9 996 $6020$z88-7257-045-X*$9(OLS)http://pul/number/152530 996 $6082$a270$9(OLS)http://pul/classification/472 996 $6245$aSanta Nino e la Georgia :$bstoria e spiritualitą cristiana nel paese del vello d'oro: atti del 1. Convegno internazionale di studi georgiani, Roma, 30 gennaio 1999$9(OLS)http://pul/title/168959 996 $6260$aRoma :$bAntonianum$9(OLS)http://pul/publisher/57258 LEADER 01452namaa2200313 a 4500 001 000000177048 003 CaOOAMICUS 005 20240704151736.0 006 a 000 u 008 240704s2023 it u000 u ita r 032 $aLibriCat 040 $aPUL$bita 100 1 $aPoli, Paolo Stefano.$0(OLS)http://pul/name/113819 245 12$aL'incontro con Gesł risorto :$bfenomenologia e linguaggio dell'inizio della fede cristiana /$cPaolo Stefano Poli. 260 $aMilano :$bGlossa,$c2023. 300 $axiii, 314 pagine ;$c22 cm 440 0$aDissertatio.$pSeries Mediolanensis ;$v36 500 $aTesto in italiano e passi in greco. 502 $aTesi di dottorato--Facoltą Teologica dell'Italia Settentrionale, 2023, n.107. 504 $aIndicazioni bibliografiche nelle note. 650 4$aCristologia$xStudi.$0(OLS)http://pul/subject/36480 830 0$aDissertatio.$pSeries Mediolanensis ;$v36.$0(OLS)http://pul/title/71364 850 $aPUL 852 $aPUL$W1$xDP1 Tesi Fac It.Settentrionale$y34$m2023 B 2$j200178$qDDC 21$B206002$CPULBib$Z2$F206002 $Hnull $82 941 1 $a16 996 $6245$aL'incontro con Gesł risorto :$bfenomenologia e linguaggio dell'inizio della fede cristiana$9(OLS)http://pul/title/218564 996 $6440$aDissertatio.$pSeries Mediolanensis$9(OLS)http://pul/title/71364 996 $6260$aMilano :$bGlossa$9(OLS)http://pul/publisher/53656